000 00318nam a22001337a 4500
008 181017b xxu||||| |||| 00| 0 eng d
020 _a9780721680170
041 _aeng
080 _24th
_a610
100 _a4
101 _aSHM
245 _aDifferential Diagnosis of Common Complaints
_cSeller,R.H
942 _2udc
_cBK
999 _c49977
_d49977